Statistiken für Deutsche Fußball-Nationalspieler 2022

Klicken Sie hier um das Quiz zu spielen!

Allgemein

  • Dieses Quiz wurde 238 mal gespielt
  • Das Durchschnittsergebnis liegt bei 21 aus 34

Antwortstatistiken

HintAntwort% Korrekt
TorManuel Neuer
100%
TorMarc-André ter Stegen
96%
MittelfeldJoshua Kimmich
91%
AngriffLeroy Sané
91%
AngriffSerge Gnabry
91%
TorKevin Trapp
90%
MittelfeldThomas Müller
88%
MittelfeldLeon Goretzka
87%
AbwehrNiklas Süle
85%
AbwehrNico Schlotterbeck
83%
AngriffNiclas Füllkrug
82%
MittelfeldJamal Musiala
80%
AbwehrAntonio Rüdiger
77%
AngriffKai Havertz
76%
Mittelfeldİlkay Gündoğan
73%
AngriffTimo Werner
73%
AbwehrMatthias Ginter
72%
AbwehrDavid Raum
64%
MittelfeldJulian Brandt
64%
AbwehrLukas Klostermann
56%
AngriffYoussoufa Moukoko
56%
AbwehrChristian Günter
55%
MittelfeldMario Götze
50%
AbwehrThilo Kehrer
50%
MittelfeldJonas Hofmann
49%
AbwehrRobin Gosens
48%
AbwehrArmel Bella-Kotchap
38%
AbwehrBenjamin Henrichs
32%
AbwehrJonathan Tah
31%
AngriffLukas Nmecha
27%
MittelfeldFlorian Neuhaus
22%
MittelfeldJulian Draxler
18%
MittelfeldAnton Stach
15%
MittelfeldJulian Weigl
12%

Verteilung der Resultate

Perzentil nach korrekt beantworteten Fragen

Anzahl Personen mit jedem Resultat

Ihre Resultats-Entwicklung

Sie haben dieses Quiz noch nicht gespielt